• 首页
  • 本馆介绍
  • 公告通知
  • 最新文献
  • 馆藏检索
  • 电子资源
  • 读者导购
  • 参考咨询
  • 我的图书馆
  • 登录
  • 详细信息显示
  • 放入我的书架
  • 预约/预借图书
  • 作者相关作品
  • 分类相关作品
  • 丛书相关作品
  • 出版社相关作品

书目信息

  • 表格格式
  • 工作单格式
  • 卡片格式
题名:
农业经营管理经验选编
    
 
作者: ;中国农村发展研究中心资料室 编
分册:  
出版信息: 北京   人民出版社  1984
页数: 420页
开本: 19cm
丛书名:
单 册:
中图分类: F324
科图分类:
主题词: 农业经济-经济管理--经验--中国 , 经济管理-农业经济--经验--中国 , 农业经济--中国
电子资源:
ISBN:
000 00781nam0 2200253 45
001 0184000044
005 20061028082229.90
010    @dCNY1.30
091    @a4001.515
100    @a19960325d1984 em y0chiy0121 ea
101 0  @achi
102    @aCN@b110000
105    @ay z 000yy
106    @ar
200 10 @a农业经营管理经验选编@Anong ye jing ying guan li jing yan xuan bian@e1983@f中国农村发展研究中心资料室编
210    @a北京@c人民出版社@d1984
215    @a420页@d19cm
606    @a农业经济-经济管理@x经验@y中国
606    @a经济管理-农业经济@x经验@y中国
606 0  @a农业经济@x中国
690    @aF324
711 02 @a中国农村发展研究中心资料室@Azhong guo nong cun fa zhan yan jiu zhong xin zi liao shi@4编
801  0 @aCN@bNLC@c20061028
905    @f1@b139805@dF324@e13
    
    农业经营管理经验选编:1983/中国农村发展研究中心资料室编.-北京:人民出版社,1984
    420页;19cm
    
    
    ISBN :CNY1.30
    
●
相关链接 在E读中查询图书 在五车中查询图书 在当当中查询图书 在豆瓣中查询图书


正题名:农业经营管理经验选编     索取号:F324/13         预约/预借

序号 登录号 条形码 馆藏地/架位号 状态 备注
1 0139805   000212200   第一借阅区/ [索取号:F324/13] 在馆    
2 0139806   000212433   第一样本阅览室/ [索取号:F324/13] 在馆    
唐山师范学院图书馆 欢迎您!
大连网信软件有限公司© 版权所有